Monografía del café

Guardat en:
Dades bibliogràfiques
Autor principal: Carranza Solís, Jorge
Format: Desconegut
Publicat: San José: Imprenta Nacional
Etiquetes: Afegir etiqueta
Sense etiquetes, Sigues el primer a etiquetar aquest registre!

MARC

LEADER 00000 a2200000 04500
001 17026
003
008 991231s d
040 |a CRAI/IIS  |c CRAI/IIS 
090 |a 008300  
100 |a Carranza Solís, Jorge  
245 |a Monografía del café  
260 |a San José:   |b Imprenta Nacional  
300 |a s.p.  
999 |c 5760  |d 5760